00805nmc a2200253 a 4500003000900000005001700009008004100026020001800067040001300085100003300098245010600131260004200237300002100279490002400300504005300324650002100377650001300398650001400411653002600425653002200451653002700473653002400500653002700524AR-BaBNM20251128210741.0271020s2000 ||||||||||||||000 | spa|| a950-808-281-X cAR-BaBNM1 aMartínez, María Cristina10aAnálisis del discurso y práctica pedagógicabuna propuesta para leer, escribir y aprender mejor aRosariobHomo Sapiens Edicionesc2000 a180 p.bgráfs. 0aTemas fundamentales aContiene referencias bibliográficas p. 173-180 4aPRAXIS EDUCATIVA 4aLENGUAJE 4aGRAMATICA aANALISIS DEL DISCURSO aGRAMATICA TEXTUAL aESTRATEGIAS DIDACTICAS aUNIDADES DIDACTICAS aENSENANZA DE LA LENGUA